000 00924nas a2200253 4500
001 BR9207891
003 BR-BrBNA
005 20231205093044.0
007 ta
008 230509b bl.|||p| |||| 00| 00por d
040 _aBR-BrBNA
_bpor
_cBiblioteca Nacional de Agricultura
041 _a(Pt)
072 _aM11
100 1 _aWosiacki, W.B.
100 1 _aCury, M.R.
245 1 _aInventario preliminar da ictiofauna da area especial de interesse turistico do Marumbi (Parana)com comentarios ictiogeograficos
246 1 _aPreliminary inventory of the ichthyofauna from "area especial de interesse turistico do Marumbi (Parana)with ichthyogeography commentary
650 _aICTIOLOGIA
650 _aFAUNA
650 _aPARANÁ
773 0 _tArquivos de Biologia e Tecnologia (Brazil)
_xISSN 0365-0979
_g(Aug 1990), v. 33(2) p. 379-392
_wBR9207891
909 _a202311
_bLúcia
_c55
_dLúcia Elande
942 _2AGRIS
_n0
_cANA
999 _c135930
_d135930